戦国武将の父たち② - Statistics

General Stats
  • This quiz has been taken 17 times
  • The average score is 6 of 15
Answer Stats
息子 父親 % Correct
真田信繁 真田昌幸
93%
浅井長政 浅井久政
67%
朝倉義景 朝倉孝景
60%
池田輝政 池田恒興
60%
織田秀信 織田信忠
60%
森長可 森可成
53%
伊達輝宗 伊達晴宗
47%
大内義隆 大内義興
40%
上杉景虎 北条氏康
33%
井伊直政 井伊直親
20%
尼子晴久 尼子政久
20%
大友義鎮 大友義鑑
20%
本多忠勝 本多忠高
7%
水野勝成 水野忠重
7%
小早川秀秋 木下家定
0%
No matching quizzes found
Score Distribution
Percent of People with Each Score
Percentile by Number Answered
Your Score History
You have not taken this quiz